[Event "World Chess Olympiad 2018"]
[Site "Batumi"]
[Date "2018.10.04"]
[Round "10"]
[Board "2"]
[WhiteFideId "719978"]
[White "Erdos Viktor"]
[BlackFideId "14000571"]
[Black "Atabayev Saparmyrat"]
[Result "1-0"]
[LiveChessVersion "1.4.8"]
[BlackElo "2443"]
[WhiteElo "2609"]

1. Nf3 {[%clk 1:30:55]} Nf6 {[%clk 1:30:53]} 2. c4 {[%clk 1:31:20]} e6
{[%clk 1:31:14]} 3. g3 {[%clk 1:31:44]} d5 {[%clk 1:31:35]} 4. Bg2
{[%clk 1:32:08]} Be7 {[%clk 1:32:01]} 5. O-O {[%clk 1:32:26]} O-O
{[%clk 1:32:27]} 6. d4 {[%clk 1:32:51]} dxc4 {[%clk 1:32:51]} 7. Qc2
{[%clk 1:33:13]} b5 {[%clk 1:33:03]} 8. a4 {[%clk 1:32:09]} b4 {[%clk 1:33:23]}
9. Nfd2 {[%clk 1:32:19]} c6 {[%clk 1:32:36]} 10. Nxc4 {[%clk 1:32:38]} Qxd4
{[%clk 1:31:48]} 11. Rd1 {[%clk 1:32:27]} Qc5 {[%clk 1:31:24]} 12. Be3
{[%clk 1:32:45]} Qh5 {[%clk 1:30:48]} 13. Nbd2 {[%clk 1:33:08]} Ba6
{[%clk 1:15:30]} 14. Bf3 {[%clk 1:17:43]} Ng4 {[%clk 0:57:31]} 15. Bxg4
{[%clk 1:17:43]} Qxg4 {[%clk 0:57:55]} 16. f3 {[%clk 1:15:53]} Qh5
{[%clk 0:42:08]} 17. Ne4 {[%clk 1:13:53]} f5 {[%clk 0:41:22]} 18. Nc5
{[%clk 0:32:05]} f4 {[%clk 0:40:37]} 19. g4 {[%clk 0:31:04]} Qg6 {[%clk 0:40:42]}
20. Qxg6 {[%clk 0:31:19]} hxg6 {[%clk 0:41:10]} 21. Nxa6 {[%clk 0:31:41]} Nxa6
{[%clk 0:41:25]} 22. Rd7 {[%clk 0:31:48]} Bc5 {[%clk 0:37:49]} 23. Bf2
{[%clk 0:32:10]} Bxf2+ {[%clk 0:25:46]} 24. Kxf2 {[%clk 0:32:38]} Nc5
{[%clk 0:26:07]} 25. Rd6 {[%clk 0:33:04]} Rfd8 {[%clk 0:25:27]} 26. Rad1
{[%clk 0:23:56]} Rxd6 {[%clk 0:25:30]} 27. Rxd6 {[%clk 0:24:24]} Nxa4
{[%clk 0:18:37]} 28. Rxe6 {[%clk 0:17:46]} Rc8 {[%clk 0:15:48]} 29. Rxg6
{[%clk 0:18:06]} Nb6 {[%clk 0:15:38]} 30. Nxb6 {[%clk 0:14:00]} axb6
{[%clk 0:16:06]} 31. h4 {[%clk 0:14:20]} b5 {[%clk 0:15:34]} 32. b3
{[%clk 0:14:47]} Kf7 {[%clk 0:11:14]} 33. h5 {[%clk 0:15:13]} c5 {[%clk 0:09:54]}
34. Rb6 {[%clk 0:15:37]} c4 {[%clk 0:10:22]} 35. bxc4 {[%clk 0:16:00]} bxc4
{[%clk 0:10:47]} 36. Rxb4 {[%clk 0:16:23]} c3 {[%clk 0:10:00]} 37. Rb1
{[%clk 0:16:51]} Kf6 {[%clk 0:09:07]} 38. Ke1 {[%clk 0:07:19]} Rc6
{[%clk 0:06:44]} 39. Ra1 {[%clk 0:07:28]} Rd6 {[%clk 0:01:05]} 40. Rc1
{[%clk 0:36:25]} Rc6 {[%clk 0:31:29]} 41. Kd1 {[%clk 0:35:16]} Ke5
{[%clk 0:25:03]} 42. Ra1 {[%clk 0:32:25]} Rd6+ {[%clk 0:23:38]} 43. Kc2
{[%clk 0:22:30]} Rd2+ {[%clk 0:23:57]} 44. Kxc3 {[%clk 0:22:56]} Rxe2
{[%clk 0:24:23]} 45. Ra5+ {[%clk 0:22:00]} Ke6 {[%clk 0:24:30]} 46. Rg5
{[%clk 0:19:53]} Re3+ {[%clk 0:24:44]} 47. Kd4 {[%clk 0:20:22]} Rxf3
{[%clk 0:25:06]} 48. Rxg7 {[%clk 0:16:46]} Rf1 {[%clk 0:17:03]} 49. Ke4
{[%clk 0:14:37]} f3 {[%clk 0:17:07]} 50. Ke3 {[%clk 0:15:03]} Ke5
{[%clk 0:14:29]} 51. h6 {[%clk 0:13:38]} Rh1 {[%clk 0:08:18]} 52. g5
{[%clk 0:14:00]} Kf5 {[%clk 0:08:13]} 53. Kxf3 {[%clk 0:14:20]} Rh3+
{[%clk 0:08:13]} 54. Ke2 {[%clk 0:14:20]} Ke4 {[%clk 0:08:36]} 55. h7 1-0

[Event "World Chess Olympiad 2018"]
[Site "Batumi"]
[Date "2018.10.04"]
[Round "10"]
[Board "3"]
[WhiteFideId "14001128"]
[White "Atabayev Yusup"]
[BlackFideId "712779"]
[Black "Gledura Benjamin"]
[Result "1/2-1/2"]
[LiveChessVersion "1.4.8"]
[BlackElo "2621"]
[WhiteElo "2411"]

1. e4 {[%clk 1:30:53]} c5 {[%clk 1:30:50]} 2. Nf3 {[%clk 1:31:11]} e6
{[%clk 1:31:09]} 3. c3 {[%clk 1:31:36]} d5 {[%clk 1:31:02]} 4. e5
{[%clk 1:31:59]} d4 {[%clk 1:30:09]} 5. Bd3 {[%clk 1:32:24]} Nc6 {[%clk 1:23:10]}
6. Qe2 {[%clk 1:32:29]} Bd7 {[%clk 1:20:17]} 7. O-O {[%clk 1:30:19]} Nge7
{[%clk 1:19:36]} 8. Na3 {[%clk 1:24:23]} Nd5 {[%clk 1:12:16]} 9. Bc4
{[%clk 1:20:24]} Nb6 {[%clk 1:09:34]} 10. Bd3 {[%clk 1:15:57]} g6
{[%clk 0:59:52]} 11. Nc2 {[%clk 1:15:18]} Nd5 {[%clk 0:53:05]} 12. g3
{[%clk 1:11:03]} Bg7 {[%clk 0:52:55]} 13. cxd4 {[%clk 1:09:44]} cxd4
{[%clk 0:52:42]} 14. b3 {[%clk 1:10:02]} Ndb4 {[%clk 0:48:50]} 15. Nxb4
{[%clk 1:08:20]} Nxb4 {[%clk 0:49:14]} 16. Ba3 {[%clk 1:08:04]} Nxd3
{[%clk 0:41:47]} 17. Qxd3 {[%clk 1:08:24]} Qa5 {[%clk 0:41:57]} 18. Bd6
{[%clk 1:07:06]} Qd5 {[%clk 0:40:30]} 19. Rfc1 {[%clk 0:52:57]} Bb5
{[%clk 0:39:30]} 20. Rc4 {[%clk 0:52:56]} Bf8 {[%clk 0:31:59]} 21. Bxf8
{[%clk 0:50:56]} Kxf8 {[%clk 0:32:12]} 22. Re1 {[%clk 0:51:21]} Kg7
{[%clk 0:29:52]} 23. Re4 {[%clk 0:51:31]} Rhd8 {[%clk 0:24:29]} 24. Ng5
{[%clk 0:45:31]} Bxc4 {[%clk 0:13:51]} 25. bxc4 {[%clk 0:42:39]} Qd7
{[%clk 0:14:02]} 26. Rf4 {[%clk 0:36:19]} Rf8 {[%clk 0:14:27]} 27. Rxd4
{[%clk 0:35:35]} Qe7 {[%clk 0:14:34]} 28. Ne4 {[%clk 0:34:25]} Rad8
{[%clk 0:13:03]} 29. Nd6 {[%clk 0:33:44]} f6 {[%clk 0:12:36]} 30. f4
{[%clk 0:32:26]} fxe5 {[%clk 0:12:46]} 31. fxe5 {[%clk 0:32:05]} b6
{[%clk 0:12:05]} 32. Qe3 {[%clk 0:30:05]} 1/2-1/2

[Event "World Chess Olympiad 2018"]
[Site "Batumi"]
[Date "2018.10.04"]
[Round "10"]
[Board "4"]
[WhiteFideId "718572"]
[White "Berkes Ferenc"]
[BlackFideId "14003856"]
[Black "Turayev Shahruh"]
[Result "1-0"]
[LiveChessVersion "1.4.8"]
[BlackElo "2156"]
[WhiteElo "2678"]

1. d4 {[%clk 1:30:54]} d5 {[%clk 1:30:50]} 2. Nf3 {[%clk 1:31:18]} Nf6
{[%clk 1:31:09]} 3. g3 {[%clk 1:31:43]} e6 {[%clk 1:28:08]} 4. Bg2
{[%clk 1:32:04]} Be7 {[%clk 1:28:37]} 5. c4 {[%clk 1:31:28]} O-O {[%clk 1:29:05]}
6. Nc3 {[%clk 1:31:47]} dxc4 {[%clk 1:28:24]} 7. Ne5 {[%clk 1:32:11]} Nc6
{[%clk 1:28:40]} 8. Bxc6 {[%clk 1:32:28]} bxc6 {[%clk 1:29:09]} 9. Nxc6
{[%clk 1:32:47]} Qe8 {[%clk 1:29:34]} 10. Nxe7+ {[%clk 1:32:54]} Qxe7
{[%clk 1:30:03]} 11. Qa4 {[%clk 1:32:30]} c5 {[%clk 1:15:48]} 12. dxc5
{[%clk 1:32:53]} Qxc5 {[%clk 1:13:29]} 13. Be3 {[%clk 1:33:16]} Qc7
{[%clk 1:12:26]} 14. O-O-O {[%clk 1:33:17]} Bb7 {[%clk 0:56:20]} 15. f3
{[%clk 1:32:52]} Nd5 {[%clk 0:52:56]} 16. Bd4 {[%clk 1:33:08]} e5
{[%clk 0:42:56]} 17. Nxd5 {[%clk 1:32:35]} Bxd5 {[%clk 0:43:24]} 18. Bc3
{[%clk 1:32:50]} Be6 {[%clk 0:43:50]} 19. Rd2 {[%clk 1:31:15]} Rfc8
{[%clk 0:37:04]} 20. Rhd1 {[%clk 1:27:38]} Qc5 {[%clk 0:36:04]} 21. Qa6
{[%clk 1:18:51]} h6 {[%clk 0:35:27]} 22. Qd6 {[%clk 1:18:13]} Qxd6
{[%clk 0:34:30]} 23. Rxd6 {[%clk 1:18:35]} Re8 {[%clk 0:28:02]} 24. Kd2
{[%clk 0:49:46]} Rad8 {[%clk 0:21:11]} 25. Bxe5 {[%clk 0:44:46]} c3+
{[%clk 0:19:32]} 26. bxc3 {[%clk 0:44:58]} Bxa2 {[%clk 0:17:12]} 27. Rd4
{[%clk 0:42:59]} Rd5 {[%clk 0:15:55]} 28. Bf4 {[%clk 0:37:36]} g5
{[%clk 0:07:52]} 29. Ra1 {[%clk 0:37:40]} Rxd4+ {[%clk 0:07:45]} 30. cxd4
{[%clk 0:36:24]} Bc4 {[%clk 0:08:14]} 31. Be3 {[%clk 0:32:29]} a6
{[%clk 0:06:44]} 32. Rc1 {[%clk 0:30:40]} Bb5 {[%clk 0:05:15]} 33. Rc5
{[%clk 0:30:53]} Kg7 {[%clk 0:04:12]} 34. h4 {[%clk 0:29:10]} f6 {[%clk 0:01:44]}
35. h5 {[%clk 0:28:12]} Kf7 {[%clk 0:02:12]} 36. g4 {[%clk 0:28:26]} Re6
{[%clk 0:01:46]} 37. Rc7+ {[%clk 0:26:36]} Re7 {[%clk 0:02:09]} 38. Rc8
{[%clk 0:26:13]} Re8 {[%clk 0:02:19]} 39. Rc1 {[%clk 0:24:49]} Re7
{[%clk 0:01:49]} 40. Re1 {[%clk 0:46:34]} f5 {[%clk 0:30:53]} 41. gxf5
{[%clk 0:46:47]} Kf6 {[%clk 0:29:32]} 42. Bf2 {[%clk 0:40:31]} Kxf5
{[%clk 0:30:00]} 43. Bg3 {[%clk 0:40:54]} Be8 {[%clk 0:18:03]} 44. e4+
{[%clk 0:40:48]} Kf6 {[%clk 0:18:32]} 45. d5 {[%clk 0:40:59]} Rd7
{[%clk 0:18:58]} 46. Ra1 {[%clk 0:39:04]} Bxh5 {[%clk 0:13:22]} 47. Rxa6+
{[%clk 0:39:23]} Kf7 {[%clk 0:13:11]} 48. Be5 {[%clk 0:36:37]} Re7
{[%clk 0:09:29]} 49. Rxh6 {[%clk 0:33:54]} Bg6 {[%clk 0:09:22]} 50. Bd4
{[%clk 0:33:04]} Rc7 {[%clk 0:05:48]} 51. e5 {[%clk 0:32:36]} Kg7
{[%clk 0:04:38]} 52. Rh1 {[%clk 0:32:58]} Kf7 {[%clk 0:02:52]} 53. Rg1
{[%clk 0:32:11]} Rc4 {[%clk 0:01:31]} 54. Ke3 {[%clk 0:31:58]} Ra4
{[%clk 0:01:18]} 55. Rxg5 {[%clk 0:32:14]} Ra3+ {[%clk 0:01:34]} 56. Kf4
{[%clk 0:32:25]} Bc2 {[%clk 0:01:42]} 57. e6+ 1-0

[Event "World Chess Olympiad 2018"]
[Site "Batumi"]
[Date "2018.10.04"]
[Round "10"]
[Board "1"]
[WhiteFideId "3801497"]
[White "Cordova Emilio"]
[BlackFideId "4500261"]
[Black "Kulaots Kaido"]
[Result "1-0"]
[LiveChessVersion "1.4.8"]
[BlackElo "2542"]
[WhiteElo "2609"]

1. Nf3 {[%clk 1:30:54]} Nf6 {[%clk 1:30:36]} 2. c4 {[%clk 1:31:09]} g6
{[%clk 1:30:35]} 3. b3 {[%clk 1:30:54]} Bg7 {[%clk 1:30:48]} 4. Bb2
{[%clk 1:31:19]} c5 {[%clk 1:24:32]} 5. g3 {[%clk 1:31:03]} b6 {[%clk 1:23:28]}
6. Bg2 {[%clk 1:30:58]} Bb7 {[%clk 1:23:53]} 7. O-O {[%clk 1:30:06]} d6
{[%clk 1:22:52]} 8. d4 {[%clk 1:25:16]} cxd4 {[%clk 1:22:50]} 9. Qxd4
{[%clk 1:25:28]} O-O {[%clk 1:20:09]} 10. Rd1 {[%clk 1:23:57]} Nbd7
{[%clk 1:17:52]} 11. Qc3 {[%clk 1:12:25]} a6 {[%clk 1:08:21]} 12. Qe1
{[%clk 1:10:42]} b5 {[%clk 1:00:35]} 13. Na3 {[%clk 1:10:53]} Qb8
{[%clk 0:43:21]} 14. Rac1 {[%clk 1:08:09]} Be4 {[%clk 0:40:43]} 15. Bh3
{[%clk 0:43:26]} b4 {[%clk 0:34:59]} 16. Nc2 {[%clk 0:42:34]} a5 {[%clk 0:34:54]}
17. Nd2 {[%clk 0:26:27]} Bb7 {[%clk 0:34:20]} 18. a3 {[%clk 0:25:31]} bxa3
{[%clk 0:33:26]} 19. Nxa3 {[%clk 0:25:57]} Nc5 {[%clk 0:32:06]} 20. Bc3
{[%clk 0:23:30]} Bc6 {[%clk 0:20:58]} 21. Rb1 {[%clk 0:21:01]} Qb7
{[%clk 0:20:27]} 22. b4 {[%clk 0:10:34]} axb4 {[%clk 0:20:32]} 23. Rxb4
{[%clk 0:10:58]} Qc7 {[%clk 0:19:41]} 24. Nb5 {[%clk 0:08:55]} Qd8
{[%clk 0:19:36]} 25. Nb3 {[%clk 0:06:20]} Nxb3 {[%clk 0:14:37]} 26. Rxb3
{[%clk 0:06:46]} Bd7 {[%clk 0:10:53]} 27. Bg2 {[%clk 0:04:17]} Rb8
{[%clk 0:09:33]} 28. e4 {[%clk 0:02:12]} Bg4 {[%clk 0:06:54]} 29. f3
{[%clk 0:02:19]} Be6 {[%clk 0:06:32]} 30. Bf1 {[%clk 0:02:27]} Nd7
{[%clk 0:06:14]} 31. Bxg7 {[%clk 0:02:40]} Kxg7 {[%clk 0:06:39]} 32. Qc3+
{[%clk 0:01:34]} Kg8 {[%clk 0:06:49]} 33. Nd4 {[%clk 0:01:46]} Rxb3
{[%clk 0:06:40]} 34. Qxb3 {[%clk 0:02:12]} Nc5 {[%clk 0:04:51]} 35. Qe3
{[%clk 0:02:19]} Qc7 {[%clk 0:04:10]} 36. h4 {[%clk 0:02:45]} Kg7
{[%clk 0:02:42]} 37. e5 {[%clk 0:02:50]} dxe5 {[%clk 0:01:52]} 38. Nb5
{[%clk 0:03:18]} Qc8 {[%clk 0:01:06]} 39. Qxe5+ {[%clk 0:03:40]} f6
{[%clk 0:01:12]} 40. Qe3 {[%clk 0:34:06]} Re8 {[%clk 0:30:36]} 41. Ra1
{[%clk 0:29:56]} Bf7 {[%clk 0:23:32]} 42. Ra7 {[%clk 0:29:57]} Ne6
{[%clk 0:22:54]} 43. Kf2 {[%clk 0:29:33]} Qc5 {[%clk 0:21:54]} 44. Qxc5
{[%clk 0:16:42]} Nxc5 {[%clk 0:22:19]} 45. Ke3 {[%clk 0:17:09]} Kf8
{[%clk 0:20:53]} 46. Kd4 {[%clk 0:16:00]} Rc8 {[%clk 0:20:18]} 47. Kc3
{[%clk 0:15:28]} h6 {[%clk 0:15:05]} 48. Nd4 {[%clk 0:12:40]} Rb8
{[%clk 0:12:37]} 49. Nb5 {[%clk 0:11:40]} Rd8 {[%clk 0:11:02]} 50. Be2
{[%clk 0:11:34]} Be6 {[%clk 0:07:56]} 51. Nd4 {[%clk 0:09:43]} Kf7
{[%clk 0:08:00]} 52. Ra5 {[%clk 0:09:07]} Rxd4 {[%clk 0:08:03]} 53. Rxc5
{[%clk 0:09:33]} Rd7 {[%clk 0:08:05]} 54. Ra5 {[%clk 0:09:49]} Rb7
{[%clk 0:07:54]} 55. Bd3 {[%clk 0:10:13]} h5 {[%clk 0:05:41]} 56. f4
{[%clk 0:08:47]} Rb8 {[%clk 0:04:52]} 57. Be4 {[%clk 0:07:20]} Rc8
{[%clk 0:05:01]} 58. c5 {[%clk 0:07:27]} Rb8 {[%clk 0:05:20]} 59. Bc2
{[%clk 0:06:56]} Bd5 {[%clk 0:05:01]} 60. Ra6 {[%clk 0:06:13]} Rc8
{[%clk 0:03:25]} 61. Kb4 {[%clk 0:05:50]} Rb8+ {[%clk 0:02:03]} 62. Rb6
{[%clk 0:06:15]} Ra8 {[%clk 0:02:18]} 63. Ba4 {[%clk 0:05:45]} Rd8
{[%clk 0:01:40]} 64. c6 {[%clk 0:05:30]} Be6 {[%clk 0:02:02]} 65. c7
{[%clk 0:05:04]} Rd4+ {[%clk 0:01:55]} 66. Ka5 {[%clk 0:05:20]} Rd5+
{[%clk 0:00:52]} 67. Bb5 {[%clk 0:04:11]} Rc5 {[%clk 0:00:51]} 68. Rc6
{[%clk 0:04:32]} Rxc6 {[%clk 0:01:07]} 69. Bxc6 {[%clk 0:04:59]} Bc8
{[%clk 0:01:14]} 70. Kb6 {[%clk 0:05:00]} e5 {[%clk 0:00:34]} 71. Bb7
{[%clk 0:01:35]} Bd7 {[%clk 0:00:35]} 72. c8=Q {[%clk 0:01:15]} Bxc8
{[%clk 0:01:02]} 73. Bxc8 {[%clk 0:01:40]} exf4 {[%clk 0:01:17]} 74. gxf4
{[%clk 0:02:08]} g5 {[%clk 0:01:37]} 75. f5 {[%clk 0:02:36]} gxh4
{[%clk 0:00:51]} 76. Kc7 {[%clk 0:02:23]} Kg7 {[%clk 0:01:07]} 77. Kd6
{[%clk 0:02:49]} Kh6 {[%clk 0:01:26]} 78. Ke6 {[%clk 0:03:15]} Kg5
{[%clk 0:01:52]} 79. Bb7 {[%clk 0:03:38]} h3 {[%clk 0:02:14]} 80. Ba8
{[%clk 0:03:58]} h4 {[%clk 0:02:27]} 81. Bb7 {[%clk 0:04:24]} h2 {[%clk 0:02:15]}
82. Ba8 {[%clk 0:04:50]} h3 {[%clk 0:02:04]} 83. Bb7 {[%clk 0:05:17]} 1-0

[Event "World Chess Olympiad 2018"]
[Site "Batumi"]
[Date "2018.10.04"]
[Round "10"]
[Board "2"]
[WhiteFideId "4500024"]
[White "Ladva Ottomar"]
[BlackFideId "3804623"]
[Black "Vera Siguenas Deivy"]
[Result "1-0"]
[LiveChessVersion "1.4.8"]
[BlackElo "2494"]
[WhiteElo "2500"]

1. c4 {[%clk 1:30:57]} Nf6 {[%clk 1:30:57]} 2. Nc3 {[%clk 1:31:23]} e6
{[%clk 1:31:24]} 3. e4 {[%clk 1:31:32]} d5 {[%clk 1:31:51]} 4. cxd5
{[%clk 1:31:40]} exd5 {[%clk 1:32:16]} 5. e5 {[%clk 1:32:05]} Ne4
{[%clk 1:32:42]} 6. Nf3 {[%clk 1:31:44]} Nc6 {[%clk 1:33:08]} 7. Be2
{[%clk 1:24:58]} Be7 {[%clk 1:32:02]} 8. O-O {[%clk 1:24:32]} O-O
{[%clk 1:32:26]} 9. d4 {[%clk 1:15:35]} Bf5 {[%clk 1:32:17]} 10. Be3
{[%clk 1:14:56]} Qd7 {[%clk 1:25:41]} 11. Nd2 {[%clk 1:06:43]} Nxd2
{[%clk 1:19:43]} 12. Qxd2 {[%clk 1:07:04]} f6 {[%clk 1:17:43]} 13. f4
{[%clk 0:35:30]} fxe5 {[%clk 1:18:03]} 14. fxe5 {[%clk 0:35:54]} Nd8
{[%clk 1:04:17]} 15. Rxf5 {[%clk 0:33:13]} Qxf5 {[%clk 0:53:07]} 16. Nxd5
{[%clk 0:33:11]} Qd7 {[%clk 0:52:26]} 17. Bc4 {[%clk 0:27:38]} Kh8
{[%clk 0:52:50]} 18. Nf4 {[%clk 0:22:41]} Nc6 {[%clk 0:51:13]} 19. Ne6
{[%clk 0:20:44]} Rfe8 {[%clk 0:45:07]} 20. Qf2 {[%clk 0:16:14]} Nd8
{[%clk 0:39:18]} 21. Nf4 {[%clk 0:16:17]} Nc6 {[%clk 0:23:21]} 22. Be6
{[%clk 0:13:12]} Qd8 {[%clk 0:23:46]} 23. Bf7 {[%clk 0:12:28]} Bh4
{[%clk 0:21:20]} 24. g3 {[%clk 0:09:26]} Rf8 {[%clk 0:20:47]} 25. Ne6
{[%clk 0:08:25]} Qe7 {[%clk 0:21:11]} 26. Rf1 {[%clk 0:07:56]} Qxe6
{[%clk 0:11:32]} 27. Bxe6 {[%clk 0:08:24]} Rxf2 {[%clk 0:11:58]} 28. Rxf2
{[%clk 0:08:48]} Be7 {[%clk 0:12:27]} 29. Rf7 {[%clk 0:09:13]} Rf8
{[%clk 0:12:45]} 30. d5 {[%clk 0:07:51]} Rxf7 {[%clk 0:09:29]} 31. dxc6
{[%clk 0:08:18]} Rf8 {[%clk 0:09:57]} 32. cxb7 {[%clk 0:08:41]} Rb8
{[%clk 0:10:21]} 33. Bc8 {[%clk 0:09:06]} c5 {[%clk 0:10:50]} 34. e6
{[%clk 0:09:30]} g5 {[%clk 0:11:00]} 35. b4 {[%clk 0:09:28]} 1-0

[Event "World Chess Olympiad 2018"]
[Site "Batumi"]
[Date "2018.10.04"]
[Round "10"]
[Board "3"]
[WhiteFideId "3802272"]
[White "Cori Jorge"]
[BlackFideId "4501950"]
[Black "Volodin Aleksandr"]
[Result "1-0"]
[LiveChessVersion "1.4.8"]
[BlackElo "2457"]
[WhiteElo "2664"]

1. Nf3 {[%clk 1:30:57]} d5 {[%clk 1:29:19]} 2. e3 {[%clk 1:31:18]} c5
{[%clk 1:25:49]} 3. c4 {[%clk 1:31:11]} e6 {[%clk 1:23:48]} 4. cxd5
{[%clk 1:25:54]} exd5 {[%clk 1:24:11]} 5. d4 {[%clk 1:26:21]} Nf6
{[%clk 1:23:17]} 6. Nc3 {[%clk 1:26:47]} Nc6 {[%clk 1:22:37]} 7. Be2
{[%clk 1:27:12]} a6 {[%clk 1:13:43]} 8. O-O {[%clk 1:27:07]} Bd6 {[%clk 1:11:12]}
9. dxc5 {[%clk 1:21:31]} Bxc5 {[%clk 1:11:36]} 10. b3 {[%clk 1:21:53]} O-O
{[%clk 1:08:41]} 11. Bb2 {[%clk 1:20:09]} Ba7 {[%clk 1:08:21]} 12. Rc1
{[%clk 1:13:05]} Re8 {[%clk 0:50:54]} 13. Na4 {[%clk 0:50:21]} Ne4
{[%clk 0:47:47]} 14. Nd4 {[%clk 0:33:28]} Bd7 {[%clk 0:46:04]} 15. Nxc6
{[%clk 0:30:02]} Bxc6 {[%clk 0:45:15]} 16. Bd4 {[%clk 0:30:27]} Bxa4
{[%clk 0:41:11]} 17. bxa4 {[%clk 0:28:15]} Bb8 {[%clk 0:36:42]} 18. g3
{[%clk 0:26:33]} Be5 {[%clk 0:35:42]} 19. Bxe5 {[%clk 0:20:46]} Rxe5
{[%clk 0:36:09]} 20. Qd4 {[%clk 0:21:11]} Qe7 {[%clk 0:26:24]} 21. Rc2
{[%clk 0:21:35]} Re8 {[%clk 0:26:01]} 22. Bf3 {[%clk 0:17:13]} h5
{[%clk 0:25:01]} 23. Rfc1 {[%clk 0:13:32]} Qf6 {[%clk 0:20:49]} 24. Bxe4
{[%clk 0:09:42]} dxe4 {[%clk 0:20:46]} 25. Rc8 {[%clk 0:10:06]} Rxc8
{[%clk 0:17:20]} 26. Rxc8+ {[%clk 0:10:33]} Kh7 {[%clk 0:17:47]} 27. Rc7
{[%clk 0:10:08]} Kg6 {[%clk 0:13:17]} 28. Rxb7 {[%clk 0:10:29]} Qf3
{[%clk 0:11:18]} 29. Rb2 {[%clk 0:04:11]} f6 {[%clk 0:08:14]} 30. h4
{[%clk 0:04:18]} Qf5 {[%clk 0:07:56]} 31. Rb4 {[%clk 0:03:05]} Kh6
{[%clk 0:07:27]} 32. Qc4 {[%clk 0:03:12]} Re6 {[%clk 0:04:42]} 33. Qc7
{[%clk 0:02:56]} Qe5 {[%clk 0:04:07]} 34. Qc8 {[%clk 0:02:02]} Qd6
{[%clk 0:03:20]} 35. Rb7 {[%clk 0:02:10]} Kh7 {[%clk 0:02:12]} 36. Rd7
{[%clk 0:01:36]} Qe5 {[%clk 0:01:13]} 37. Qf8 {[%clk 0:01:05]} f5
{[%clk 0:01:42]} 38. Kg2 {[%clk 0:01:20]} Rg6 {[%clk 0:01:03]} 39. Rd8
{[%clk 0:01:20]} Rf6 {[%clk 0:00:37]} 40. Qg8+ {[%clk 0:31:34]} Kh6
{[%clk 0:30:33]} 41. Rd7 {[%clk 0:24:50]} Rd6 {[%clk 0:26:14]} 42. Ra7
{[%clk 0:24:47]} Qf6 {[%clk 0:24:09]} 43. Rf7 {[%clk 0:19:17]} Qe5
{[%clk 0:22:23]} 44. Qf8 {[%clk 0:19:32]} Kg6 {[%clk 0:15:04]} 45. Rxg7+
{[%clk 0:19:05]} Qxg7 {[%clk 0:15:32]} 46. Qxd6+ {[%clk 0:19:29]} Qf6
{[%clk 0:15:55]} 47. Qxf6+ {[%clk 0:19:54]} Kxf6 {[%clk 0:16:21]} 48. a5
{[%clk 0:20:20]} Ke5 {[%clk 0:16:08]} 49. f3 {[%clk 0:20:14]} Kd5
{[%clk 0:15:59]} 50. fxe4+ {[%clk 0:20:35]} 1-0

[Event "World Chess Olympiad 2018"]
[Site "Batumi"]
[Date "2018.10.04"]
[Round "10"]
[Board "4"]
[WhiteFideId "4500458"]
[White "Sirosh Ilja"]
[BlackFideId "3801969"]
[Black "Cruz Cristhian"]
[Result "1/2-1/2"]
[LiveChessVersion "1.4.8"]
[BlackElo "2571"]
[WhiteElo "2380"]

1. Nf3 {[%clk 1:30:57]} Nf6 {[%clk 1:30:29]} 2. c4 {[%clk 1:31:22]} e6
{[%clk 1:30:53]} 3. g3 {[%clk 1:31:44]} d5 {[%clk 1:31:09]} 4. d4
{[%clk 1:32:05]} g6 {[%clk 1:31:32]} 5. Bg2 {[%clk 1:31:59]} Bg7 {[%clk 1:31:55]}
6. O-O {[%clk 1:31:52]} O-O {[%clk 1:32:21]} 7. Qc2 {[%clk 1:30:35]} b6
{[%clk 1:31:36]} 8. b3 {[%clk 1:25:14]} Bb7 {[%clk 1:31:16]} 9. Bb2
{[%clk 1:23:02]} Na6 {[%clk 1:19:57]} 10. Nbd2 {[%clk 1:20:02]} Rc8
{[%clk 1:18:14]} 11. Rad1 {[%clk 1:17:34]} Qe7 {[%clk 1:13:49]} 12. Qb1
{[%clk 1:07:35]} Rfd8 {[%clk 1:11:03]} 13. Ne5 {[%clk 0:48:32]} c5
{[%clk 1:00:00]} 14. Qa1 {[%clk 0:47:39]} cxd4 {[%clk 0:51:09]} 15. Bxd4
{[%clk 0:47:24]} Ne8 {[%clk 0:43:37]} 16. Bb2 {[%clk 0:23:04]} Nb4
{[%clk 0:24:56]} 17. a3 {[%clk 0:15:54]} Nc2 {[%clk 0:20:25]} 18. Qc1
{[%clk 0:09:22]} dxc4 {[%clk 0:19:55]} 19. Bxb7 {[%clk 0:08:42]} Qxb7
{[%clk 0:20:08]} 20. Ndxc4 {[%clk 0:08:35]} Rxd1 {[%clk 0:20:30]} 21. Qxd1
{[%clk 0:08:13]} b5 {[%clk 0:20:22]} 22. Qxc2 {[%clk 0:05:25]} bxc4
{[%clk 0:20:43]} 23. bxc4 {[%clk 0:05:18]} Qc7 {[%clk 0:19:53]} 24. Nd3
{[%clk 0:03:21]} Qxc4 {[%clk 0:19:42]} 25. Qxc4 {[%clk 0:03:40]} Rxc4
{[%clk 0:20:07]} 26. Bxg7 {[%clk 0:03:51]} Kxg7 {[%clk 0:20:30]} 27. Rb1
{[%clk 0:03:15]} Nd6 {[%clk 0:18:57]} 28. Rb4 {[%clk 0:02:04]} Kf6
{[%clk 0:16:43]} 29. f3 {[%clk 0:02:19]} Rc3 {[%clk 0:12:22]} 30. Ra4
{[%clk 0:00:53]} Nb5 {[%clk 0:11:00]} 31. Ra5 {[%clk 0:00:46]} Nd4
{[%clk 0:10:10]} 32. Kf2 {[%clk 0:00:49]} Rc2 {[%clk 0:07:12]} 33. Ke3
{[%clk 0:01:18]} Nf5+ {[%clk 0:03:03]} 34. Kf2 {[%clk 0:01:46]} Nd4
{[%clk 0:02:26]} 35. Ke3 {[%clk 0:02:15]} Nf5+ {[%clk 0:02:30]} 36. Kf2
{[%clk 0:02:44]} Nd4 {[%clk 0:02:48]} 1/2-1/2